1645 1100 1893 1877 1425 1293 1713 1544 1350 1182 1921 1022 1048 1689 1812 1165 1001 1690 1925 1519 1157 1279 1782 1589 1345 1653 1055 1086 1845 1893 1974 1112 1323 1871 1369 1598 1201 1397 1700 1114 1759 1311 1442 1918 1174 1943 1869 1123 1858 1440 1383 1755 1916 1568 1138 1660 1449 1711 1369 1178 1439 1691 1176 1500 1808 1261 1979 1776 1167 1509 1025 1202 1139 1367 1541 1051 1665 1287 1556 1876 1727 1555 1153 1599 1674 1626 1276 1175 1741 1925 1086 1260 1719 1594 1334 1639 1607 1767 1525 BCNSPRNW ULIB Ver.6.0+V

เปลี่ยนเป็นภาษาไทย

Change to English
 แสดงรายละเอียดบรรณานุกรม
  กลับหน้าหลัก

Brief Record : Get Marc (ISO 2709) : E-mail record : QR code < ปิดหน้าต่าง
LEADER : 00000nam 2200000uu 4500
001    13399109853
003     ULIB
008    110412s2551||||th 000 0 tha d
020    9786111100198
060  4 WY16^b931ก 2551
245 00 การทบทวนบทบาทพยาบาล(ชุมชน)สู่การเป็นภาคีร่วมพัฒนาสุขภาพชุมชน=^bPartnership in community health:sharpening roles of nurses^cบรรณาธิการ,ชูวัส ฤกษศิริสุข และคน
246 0  การประชุมวิชาการ การทบทวนบทบาทพยาบาล(ชุมชน)สู่การเป็นภาคีร่วมพัฒนาสุขภาพชุมชน
260    นนทบุรี:^bแผนงานสร้างพยาบาลของชุมชน โดยชุมชน เพื่อชุมชน,2551
300    174 หน้า
650  7 พยาบาล
650  7 วิชาชีพพยาบาล
650  7 บทบาทพยาบาล^xชุมชน
710 1  สภาการพยาบาล^bสถาบันวิจัยและพัฒนาระบบการพยาบาล
945    ^p0^l0^i025699
945    ^p0^l0^i025697
945    ^p0^l0^i025695
945    ^p0^l0^i025700
945    ^p0^l0^i025698
945    ^p0^l0^i025696
999 ^a ใช้งานได้ทุกระบบ
รายการนี้ยังไม่มีแท็ก
คุณยังไม่ได้ล็อกอิน คุณสามารถมีกิจกรรมร่วมกับเว็บไซต์ได้ แต่ต้องล็อกอินก่อน ::
  ล็อกอิน

รายการสื่อสารสนเทศ

ลำดับที่ ประเภท เลขเรียก/บาร์โค้ด สถานที่ สถานะ
- ไม่พบข้อมูล -

รายการใกล้เคียง
    หัวเรื่อง [พยาบาล]
    หัวเรื่อง [วิชาชีพพยาบาล]

BibComment


ยังไม่เคยถูกคอมเมนท์

คอมเมนท์ทรัพยากรรายการนี้
  คอมเมนท์: การทบทวนบทบาทพยาบ..


 Copyright 2026. Bcnsprnw @Library